000 00930 a2200229 4500
001 40461
005 20260407155659.0
008 260407a2016 arg spa d
003 AR-UNSa-BCEJYS
040 _aAR-UNSa-BCEJYS
_bspa
_cAR-UNSa-BCEJYS
080 _a347.1/7(094.4)
_xCódigo Civil y Comercial
245 1 0 _aCódigo Civil y Comercial de la Nación
020 _a978-987-3953-30-9
264 1 _aBuenos Aires :
_bErreius
_c2016
300 _axxxi, 1052 p.
_c21 cm.
505 _a1. Parte General - 2. Relaciones de Familia - 3. Derechos personales - 4. Derechos Reales - 5. Transmisión de Derechos por Causa de muerte - 6. Disposiciones comunes a los derechos personales y reales
041 _aspa
942 _cBK
590 _aniveau_biblio:m niveau_hierar:0
100 1 _aArgentina (Código Civil y Comercial)
856 4 1 _uhttps://biblioeco.unsa.edu.ar/pmb/images/libros/L125868.jpg
_yImagen de portada
_qimage/jpeg
999 _c3226
_d3226